Statistics for Top 24 largest countries in Asia

Click here to take the quiz!

General Stats

  • This quiz has been taken 41 times
  • The average score is 22 of 24

Answer Stats

Area in square milesAnswer% Correct
3,705,407China
100%
1,269,219India
100%
636,372Iran
100%
1,052,090Kazakhstan
100%
603,908Mongolia
100%
6,601,668Russia
100%
735,358Indonesia
97%
169,235Iraq
97%
145,914Japan
97%
307,374Pakistan
97%
830,000Saudi Arabia
94%
188,456Turkmenistan
94%
172,742Uzbekistan
94%
127,354Malaysia
92%
198,117Thailand
92%
302,535Turkey
92%
119,499Oman
89%
203,849Yemen
89%
251,827Afghanistan
83%
261,228Myanmar
83%
127,881Vietnam
83%
115,830Philippines
81%
77,202Kyrgyzstan
72%
91,429Laos
67%

Score Distribution

Percentile by Number Answered

Percent of People with Each Score

Your Score History

You have not taken this quiz